000 01265cam a2200349 i 4500
001 42056
003 Mx-PuUPA
005 20251106110843.0
008 140415s2008 sp gr 000 0 spa d
017 _aM-44.949-2008
020 _a9788481640137
040 _cMx-PuUPA
_aMx-PuUPA
_bspa
_dMx-PuUPA
_erda
041 0 _aspa
100 1 _aCortina Orts, Adela,
_92776
_eautor
245 1 0 _aÉtica de la empresa :
_bclaves para una nueva cultura empresarial /
_cAdela Cortina, prólogo de José Luis. L. Aranguren
250 _aOctava edición
264 1 _aMadrid, España :
_bEditorial Trotta,
_c2008
300 _a150 páginas ;
_c23 cm
336 _2rdacontent
_atexto
_btxt
337 _2rdamedia
_asin medio
_bn
338 _2rdacarrier
_avolumen
_bnc
490 0 _aColección Estructuras y Procesos
490 0 _aFilosofía
650 7 _2armarc
_913986
_aÉtica de los negocios
650 7 _2armarc
_aResponsabilidad social empresarial
650 7 _2armarc
_aEmpresarios
_xÉtica profesional
700 1 _aArangueren, José Luis L.,
_eprologuista
942 _2ddc
_cLI
_h174.4
_iC78
999 _c42056
_d42056